It looks like you're offline.
Open Library logo
additional options menu

MARC Record from Scriblio

Record ID marc_records_scriblio_net/part27.dat:72609229:945
Source Scriblio
Download Link /show-records/marc_records_scriblio_net/part27.dat:72609229:945?format=raw

LEADER: 00945cam 2200241 a 4500
001 98020384
003 DLC
005 19981022145601.3
008 980430s1999 njuab 001 0 eng
010 $a 98020384
020 $a0137961294 (pbk./CD-ROM)
040 $aDLC$cDLC$dDLC
050 00 $aQE28.2$b.T37 1999
082 00 $a550$221
100 1 $aTarbuck, Edward J.
245 10 $aEarth :$ban introduction to physical geology /$cEdward J. Tarbuck, Frederick K. Lutgens ; illustrated by Dennis Tasa.
250 $a6th ed.
260 $aUpper Saddle River, N.J. :$bPrentice Hall,$cc1999.
300 $axvii, 638 p. :$bill. (some col.), col. maps ;$c28 cm. +$e1 computer laser optical disc (4 3/4 in.)
538 $aSystem requirements for accompanying computer disc: Macintosh System 6.0.7 or newer; Windows 3.1 or Windows 95.
504 $aIncludes bibliographical references and index.
650 0 $aPhysical geology.
700 1 $aLutgens, Frederick K.